| 000 | 00695nam a2200253Ia 4500 | ||
|---|---|---|---|
| 003 | IT-RoPAU | ||
| 008 | 120407s9999 xx 000 0 und d | ||
| 040 | _aIT-RoPAU | ||
| 040 | _cIT-RoPAU | ||
| 041 | _aita | ||
| 100 | _aManuel de Tuya | ||
| 245 | _a"Introducion a la Biblia. " | ||
| 250 | _aMadrid | ||
| 260 | _aBAC | ||
| 260 | _c1967 | ||
| 300 | _c20 cm | ||
| 490 | _aB.A.C. 262,268. | ||
| 490 | _v2 | ||
| 600 | _a" I° V Inspiracion biblica. Canon. Texto. Versiones. 2° V Herméneutica Biblica. Historia de la Interpretacion de la Biblia. Instituciones israelitas. Geografia de la Palestina." | ||
| 700 | _aJose Salguero | ||
| 700 | _cop. | ||
| 942 | _cBK | ||
| 999 |
_c13904 _d13904 |
||